Quizzes
Events
Quiz Creation
Community
Videos
Private Events
Remove Ads
Sign In
Join for FREE
Feedback
Dark Mode
Quiz Categories
Sports
Geography
Music
Movies
Television
Just For Fun
Miscellaneous
History
Literature
Language
Science
Gaming
Entertainment
Religion
Holiday
For Kids
Quiz Lab
Recent
Popular Today
Quiz Kudos Today
Editor Picks
Curator Picks
Quizzes by...
Day
Popularity
Type
Ratings
Length
Year
Community
Subscriptions
Recent Discussions
Orange Saloon
Badges
Playlists
Quests
Create
Leaderboards
Showdown
Live 5
Trivia Bingo
Activity
Puzzle Library
Sporcle Events
Private Events
Virtual Trivia
Globe League
Become a Host
Pub Owners
SporcleCon
Opinionation
Our Games
Videos
Blog
Mobile Apps
Partnerships
Remove Ads and Go Orange
Feedback
Music
Pop Music
The Beatles
Song
Album
Lyrics
Bands
Singers
Artist
Clip
Rock
Rap
Classical
Billboard
Country Music
Kpop
Taylor Swift
Music
Pop Music
The Beatles
Song
Album
Lyrics
Bands
Singers
Artist
Clip
Rock
Rap
Classical
Billboard
Country Music
Kpop
Taylor Swift
Random Quiz
Search Sporcle
×
Quiz Lab
Quiz Lab
Music
Song
Type in answers that appear in a list
Type in answers that appear in a list
Classic
Best Score? Go Orange.
Greatest Guitar Songs Stats
Can you name the greatest guitar songs according to Rolling Stone?
By
beatlebabe89
12m
100 Questions
198 Plays
198 Plays
198 Plays
Comments
Comments
Give Quiz Kudos
Give Quiz Kudos
-
- Ratings
hide this ad
Replay
Link that replays current quiz
Next Quiz
Link to next quiz in quiz playlist
You Got
0%
They Got
Avg Score
17%
Avg Friend Score
Upgrade to see
Score Distribution
Jump to the score distribution portion of the page
Score
0/100
Timer
12:00
0
Plays Today
Artist
Song
% Correct
Jimi Hendrix
Purple Haze
80.3%
Derek and the Dominos
Layla
76.3%
Chuck Berry
Johnny B. Goode
75.8%
Led Zeppelin
Stairway To Heaven
64.1%
Nirvana
Smells Like Teen Spirit
61.6%
The Kinks
You Really Got Me
54%
Bruce Springsteen
Born To Run
50.5%
Van Halen
Eruption
43.4%
The Who
My Generation
41.4%
Pink Floyd
Money
38.4%
Led Zeppelin
Whole Lotta Love
37.4%
Santana
Black Magic Woman
37.4%
The White Stripes
Seven Nation Army
36.4%
Michael Jackson
Beat It
36.4%
The Beatles
While My Guitar Gently Weeps
34.8%
Prince
Purple Rain
34.8%
Ozzy Osbourne
Crazy Train
33.8%
Jimi Hendrix
Voodoo Child
32.8%
AC/
DC
Back In Black
31.8%
Cream
White Room
31.3%
Ramones
Blitzkrieg Bop
30.8%
Lynyrd Skynyrd
Free Bird
29.3%
The Rolling Stones
Brown Sugar
28.8%
Cream
Crossroads
27.8%
The Clash
London Calling
26.8%
Guns 'n Roses
Sweet Child O' Mine
25.8%
Van Halen
Panama
25.3%
Joan Jett and the Blackhearts
I Love Rock N Roll
25.3%
ZZ Top
La Grange
22.7%
Rage Against The Machine
Killing In The Name
22.2%
Pearl Jam
Even Flow
21.7%
Weezer
Say It Ain't So
20.2%
Dire Straits
Sultans Of Swing
19.7%
Red Hot Chili Peppers
Under The Bridge
18.2%
Artist
Song
% Correct
Sublime
What I Got
17.7%
Aerosmith
Walk This Way
17.2%
U2
Where The Streets Have No Name
16.7%
Tom Petty and the Heartbreakers
American Girl
16.7%
Dire Straits
Money For Nothing
16.7%
The Police
Message in a Bottle
16.2%
Metallica
Master of Puppets
15.7%
Smashing Pumpkins
Bullet With Butterfly Wings
15.2%
Black Sabbath
Black Sabbath
12.6%
Dick Dale and the Del-
Tones
Miserlou
12.6%
Stevie Ray Vaughan
Little Wing
12.6%
B.B. King
The Thrill Is Gone
12.6%
The Allman Brothers
Statesboro Blues
11.6%
The Beatles
A Hard Day's Night
10.6%
Pixies
Debaser
10.1%
Queens Of The Stone Age
No One Knows
10.1%
The Faces
Stay With Me
9.6%
Stevie Ray Vaughan
Texas Flood
9.6%
Sam and Dave
Soul Man
9.1%
The Impressions
People Get Ready
8.1%
Television
Marquee Moon
8.1%
The Byrds
Eight Miles High
7.6%
King Crimson
Red
7.6%
The Ventures
Walk--Don't Run
7.1%
The Sex Pistols
Holiday's In The Sun
6.6%
Jimi Hendrix
Machine Gun
6.6%
Blue Cheer
Summertime Blues
6.6%
The Beatles
I Saw Her Standing There
6.1%
Jeff Beck
I Ain't Superstitious
6.1%
Neil Young and Crazy Horse
Cowgirl In The Sand
5.6%
The Who
I Can See For Miles
5.6%
The Smiths
How Soon Is Now
5.6%
The Rolling Stones
Can't You Hear Me Knocking
5.1%
Queen
Keep Yourself Alive
5.1%
Artist
Song
% Correct
The Stooges
1969
5.1%
Radiohead
My Iron Lung
5.1%
Greatful Dead
Dark Star
5.1%
Buddy Guy
Stone Crazy
5.1%
The Yardbirds
Over Under Sideways Down
4.5%
Link Wray
Rumble
4.5%
Funkadelic
Maggot Brain
4.5%
Tool
Vicarious
4.5%
Creedence Clearwater Revival
Born On The Bayou
4%
Sleater-
Kinney
Dig Me Out
3.5%
John Mayer
Gravity
3.5%
Bill Haley and His Comets
(We're Gonna) Rock Around The Clock
3%
Steely Dan
Kid Charlemagne
3%
Hü Sker Dü
New Day Rising
3%
The Paul Butterfield Blues Band
Look Over Yonders Wall
2.5%
Pink Floyd
Interstellar Overdrive
2.5%
Elvis Presley
That's All Right
2.5%
Bruce Springsteen
Adam Raised a Cain
2.5%
The Strokes
Take It Or Leave It
2.5%
Sonic Youth
Silver Rocket
2.5%
My Bloody Valentine
Only Shallow
2.5%
B.B. King
How Blue Can You Get
2%
John Mayall and the Bluesbreakers
Hideaway
2%
Albert King
Born Under A Bad Sign
2%
Frank Zappa
Willie The Pimp
2%
Jeff Beck
Freeway Jam
1.5%
Quicksilver Messenger Service
Mona
1.5%
Moby Grape
Omaha
1.5%
Phish
You Enjoy Myself
1%
The Mars Volta
Drunkship Of Lanterns
1%
Mick Jagger
Memo From Turner
1%
My Morning Jacket
Run Thru
1%
Quiz Playlist
Details
Report
Send in Message
Add To Playlist
Classic:
Type in answers that appear in a list
Quiz Source
Last Updated: Feb 16, 2017
Quiz Scoreboard
CHALLENGE
Sign Up to Join the Scoreboard
Show All
Scores
Hide
Comments
May contain spoilers
Recently Published
Click the 1999 NBA Draft
by nibperrychub
Sports
2m
Alphabetical 'K' Countries by Flag Minefield
by ylime102
Geography
3m
Pick 6: Fruits
by JohnFran
Miscellaneous
15s
More to Explore
Quiz From the Vault
Featured Blog Post
15 Basketball Trivia Facts You Can Be March Mad About
hide this ad
You Might Also Like...
Tags
Artist Quiz
Song Quiz
greatest
guitar
Rolling
Rolling Stone
stone
Today's Top Quizzes in Music
Browse Music
hide this ad
Today's Top Quizzes in Song
Browse Song
Top Contributed Quizzes in Music
1
Taylor Swift All Songs (2024)
2
KPOP LOGIC QUIZ
3
A Taylor Swift Logic Puzzle
4
Guess the Taylor Swift song (Mystery Song)
5
K-Pop Murder Mystery Logic Quiz
6
Taylor Swift Logic Puzzle
7
Guess The Taylor Swift Lyrics Song #1
8
kpop group name match up
9
NCT 2020 Logic Puzzle
10
K-Pop : 100 Debut Songs (Part 1 of 3)
Explore More
Trending Topics
Crossword
NBA
Disney
Marvel
Kpop
Anime
Harry Potter
Puzzle
WWE
Country
NFL
Pokémon
The Office
Soccer
Song
hide this ad
More By:
beatlebabe89
Quiz
Plays
Rating
Category
Featured
Created
Original Recording Artists
507
4.13
Music
Oct 13, 2009
Greatest Guitar Songs
198
4.00
Music
Oct 13, 2009
Songs About Home
122
Music
Oct 16, 2009
Go to Creator's Profile
Score Distribution
Quiz Creator Spotlight
beatlebabe89
Follow
Send a Message
Quizzes Created
-
Created Quiz Play Count
-
More By This Creator
Popular Quizzes Today
1
Countries of Asia Without Outlines Minefield
2
Find the US States - No Outlines Minefield
3
Pick 6: Fruits
4
Alphabetical 'K' Countries by Flag Minefield
5
The Countries of the World
6
Find the US States
7
US States
8
Match the Book to the Film X
More Music Quizzes
More Mouthwatering Musicians
Published
Trending Quizzes
Pick 6: Mountains
Pick 6: Harry Potter
Pick 6: NFL Teams
Pick 6: Movie Franchises
Pick 6: Golfers
Recently Updated
NWSL Teams
pecheneg
Women's Final Four Teams by Year
bhenderson79
Presidents Quartet II
eogle
Anything But Clue(do)
eogle
Anything But Oceanian Capitals
eogle
Anything But 7
eogle
Anything But Thing
eogle
Word Ladder: February 29
pecheneg
Song Title Questions
pecheneg
Women's NCAA Tournament #1 Seeds
pecheneg
Trending Topics
Anime
Crossword
NBA
Kpop
Harry Potter
Marvel
Disney
Soccer
The Office
Country
WWE
Puzzle
Pokémon
Song
NFL
Your Account Isn't Verified!
In order to create a playlist on Sporcle, you need to verify the email address you used during registration. Go to your
Sporcle Settings
to finish the process.
Report this User
Report this user for behavior that violates our
Community Guidelines
.
Details:
Send Report
Go to the Sporcle.com Mobile Site →
Comments